[Event "ESP-chT"]
[Site "Linares"]
[Date "1991.??.??"]
[Round "?"]
[White "Medina, Jose"]
[Black "Fernandez Garcia, Jose L"]
[Result "1/2-1/2"]
[WhiteElo "2320"]
[BlackElo "2455"]

1.d4 Nf6 2.c4 g6 3.Nc3 d5 4.cxd5 Nxd5 5.e4 Nxc3 6.bxc3 Bg7 7.Nf3 O-O 8.Rb1 c5
9.Be2 cxd4 10.cxd4 Qa5+ 11.Bd2 Qxa2 12.O-O Bg4 13.Bb4 Bxf3 14.gxf3 Nc6 15.Bc3 Nxd4
16.Bxd4 Bxd4 17.Qxd4 Qxe2 18.Rxb7 Qxf3 19.Rxe7 Qg4+ 20.Kh1 Qf3+ 21.Kg1 a5
22.Re1 Qg4+ 23.Kh1 Qf3+ 24.Kg1 Qg4+ 25.Kh1 Rad8 26.Qe3 Rd1 27.Rc7 Rfd8 28.Rc1 R1d3
29.Qe2 Qf4 30.Rc8 Rxc8 31.Qxd3 Qxf2 32.Rf1 Qc5 33.Qd7 Rc7 34.Qd8+ Kg7 35.Qf6+ Kh6
36.Qh4+ Kg7 37.Qf6+ Kf8 38.Qd8+ Kg7 39.Qf6+  1/2-1/2

[Event "ESP-chT"]
[Site "Linares"]
[Date "1991.??.??"]
[Round "7"]
[White "Cramling, Pia"]
[Black "Sion Castro, Marcelino"]
[Result "1-0"]
[WhiteElo "2470"]
[BlackElo "2405"]

1.d4 Nf6 2.c4 g6 3.Nc3 d5 4.cxd5 Nxd5 5.e4 Nxc3 6.bxc3 Bg7 7.Bc4 c5 8.Ne2 Nc6
9.Be3 cxd4 10.cxd4 b5 11.Bd5 Bd7 12.Rc1 Rc8 13.Bxc6 Rxc6 14.Rxc6 Bxc6 15.d5 Bd7
16.Qd2 a5 17.O-O O-O 18.Rc1 f5 19.f3 fxe4 20.fxe4 Be5 21.Nd4 b4 22.g3 Qb8
23.Nc6 Bxc6 24.dxc6 Bxg3 25.Qd5+ Kg7 26.Qd4+ Rf6 27.Qd2 Be5 28.Bh6+ Kg8 29.c7 Bxc7
30.Rxc7 Qb6+ 31.Kg2 Qxc7 32.Qd5+  1-0

[Event "Lippstadt"]
[Site "Lippstadt"]
[Date "1991.??.??"]
[Round "1"]
[White "Dautov, Rustem"]
[Black "Groszpeter, Attila"]
[Result "1-0"]
[WhiteElo "2570"]
[BlackElo "2485"]

1.d4 Nf6 2.c4 g6 3.Nc3 d5 4.cxd5 Nxd5 5.e4 Nxc3 6.bxc3 Bg7 7.Bb5+ Nd7 8.Nf3 c5
9.O-O O-O 10.Rb1 a6 11.Bd3 b5 12.Be3 Qa5 13.Qd2 cxd4 14.cxd4 Qxd2 15.Nxd2 Rd8
16.d5 e6 17.dxe6 fxe6 18.Rfc1 Nc5 19.Bc2 Nd3 20.Bxd3 Rxd3 21.Nb3 b4 22.Na5 Ra3
23.Nc4 Rxa2 24.Nb6 Rb8 25.Nxc8 b3 26.Ne7+ Kf7 27.Nc6 Rb5 28.e5 b2 29.Rd1 Bxe5
30.Nxe5+ Rxe5 31.Rd7+ Ke8 32.Rb7  1-0

[Event "ESP-ch"]
[Site "Lleida"]
[Date "1991.??.??"]
[Round "2"]
[White "Bellon Lopez, Juan Manuel"]
[Black "Gomez, Deltel Nazario"]
[Result "1-0"]
[WhiteElo "2510"]
[BlackElo "2215"]

1.d4 Nf6 2.c4 g6 3.Nc3 d5 4.cxd5 Nxd5 5.e4 Nxc3 6.bxc3 Bg7 7.Bc4 O-O 8.Ne2 c5
9.O-O Nc6 10.Be3 Bg4 11.f3 Bd7 12.Rb1 a6 13.Qd2 Rc8 14.Bd3 b5 15.Rfd1 e5
16.d5 Na5 17.Qc1 Re8 18.c4 Bf8 19.Bg5 f6 20.Bd2 Rb8 21.Kh1 Bd6 22.g4 Rf8
23.Rg1 Rf7 24.Qe1 Nxc4 25.Bxc4 bxc4 26.Nc3 Rb4 27.Qe2 Be8 28.a3 Rbb7 29.Qxc4 Qa8
30.Be3 Bb5 31.Nxb5 axb5 32.Rxb5 Qxa3 33.Re1 Kg7 34.Kg2 Rfc7 35.g5 fxg5 36.Bxg5 Rxb5
37.Qxb5 Qb4 38.Rb1 Qc3 39.Qb3 Qa5 40.Qb6 Qa2+ 41.Rb2 Qa1 42.Bf6+ Kh6 43.Rf2 Rd7
44.Qb3 Qc1 45.f4  1-0

[Event "URS-ESP mT"]
[Site "Logrono"]
[Date "1991.??.??"]
[Round "?"]
[White "Rodriguez Vargas, Orestes"]
[Black "Dorfman, Josif D"]
[Result "1/2-1/2"]
[WhiteElo "2235"]
[BlackElo "2600"]

1.d4 Nf6 2.c4 g6 3.Nc3 d5 4.cxd5 Nxd5 5.e4 Nxc3 6.bxc3 Bg7 7.Bc4 c5 8.Ne2 Nc6
9.Be3 O-O 10.O-O Bg4 11.f3 Na5 12.Bb5 Bd7 13.Bxd7 cxd4 14.Bxd4 Qxd7 15.Bxg7 Qxd1
16.Rfxd1 Kxg7 17.Rd7 Rfe8 18.Rad1 Rab8 19.f4 Kf8 20.e5 Nc4 21.Ng3 Rec8 22.Ne4 Ke8
23.R7d4 Nb6 24.Kf2 Rc4 25.Ke2 Rbc8 26.Ke3 Rxd4 27.Rxd4 Rc6 28.Kd3 h6 29.g3 Rc7
30.h4 h5 31.Rb4 Kf8 32.Rd4 Ke8 33.Rb4 Rd7+ 34.Rd4 Rc7 35.Rb4 Rd7+ 36.Rd4 Rc7
37.Rb4 Rd7+  1/2-1/2

[Event "USA-op Los Angeles"]
[Site "Los Angeles"]
[Date "1991.??.??"]
[Round "?"]
[White "Maki, James"]
[Black "Ftacnik, Lubomir"]
[Result "0-1"]
[WhiteElo "2280"]
[BlackElo "2575"]

1.d4 Nf6 2.c4 g6 3.Nc3 d5 4.cxd5 Nxd5 5.e4 Nxc3 6.bxc3 Bg7 7.Nf3 c5 8.Rb1 O-O
9.Be2 Nc6 10.d5 Ne5 11.Nxe5 Bxe5 12.Bd2 Qd6 13.Qb3 f5 14.Bh6 Rf7 15.exf5 Bxf5
16.Rd1 Qf6 17.Be3 Bxc3+ 18.Kf1 Bd4 19.Bxd4 cxd4 20.f3 Rc8 21.Bc4 Bc2 22.Qxc2 b5
23.Qe4 Rxc4 24.Kf2 Qb6 25.Rd2 Qd6 26.Rhd1 Rf4 27.Qe2 Qxd5 28.Qxe7 Rf7 29.Qe2 Qc5
30.Re1 d3+ 31.Qe3 Rd7 32.Red1 b4 33.Qxc5 Rxc5 34.Ke3 Re5+ 35.Kf4 Re2 36.g4 Rf7+
37.Kg3 Re3 38.Rf1 a5 39.Kg2 Rc7 40.Rff2 Rc3 41.Kg3 Kf7 42.Kf4 Re1 43.h4 Kf6
44.Rb2 h6 45.Rfd2 g5+ 46.Kg3 Ke5 47.Rf2 Kd4 48.hxg5 hxg5 49.Kg2 Ke3 50.f4  0-1

[Event "USA-op Los Angeles"]
[Site "Los Angeles"]
[Date "1991.??.??"]
[Round "?"]
[White "Alburt, Lev O"]
[Black "Chapa, Eric"]
[Result "1-0"]
[WhiteElo "2535"]
[BlackElo "2245"]

1.d4 Nf6 2.c4 g6 3.Nc3 d5 4.cxd5 Nxd5 5.e4 Nxc3 6.bxc3 Bg7 7.Be3 c5 8.Qd2 Qa5
9.Rc1 O-O 10.Nf3 Bg4 11.Be2 Nc6 12.d5 Rad8 13.O-O Bxf3 14.gxf3 b6 15.Qc2 Nb8
16.Bd2 Nd7 17.Rb1 f5 18.Kg2 f4 19.Bb5 c4 20.Rb4 Ne5 21.Rfb1 a6 22.Ra4 Qxb5
23.Rxb5 axb5 24.Rb4 Rd6 25.Rxb5 g5 26.Qb1 Rff6 27.h3 Ng6 28.Kf1 Ne5 29.Ke2 Rh6
30.a4 Rxh3 31.Rxb6 Rxb6 32.Qxb6 Nxf3 33.a5 Nxd2 34.Qc6  1-0

[Event "Lyngby op"]
[Site "Lyngby"]
[Date "1991.??.??"]
[Round "3"]
[White "Antonsen, Mikkel"]
[Black "Andersen, Dan"]
[Result "1-0"]
[WhiteElo "2325"]
[BlackElo "2260"]

1.d4 Nf6 2.c4 g6 3.Nc3 d5 4.cxd5 Nxd5 5.e4 Nxc3 6.bxc3 Bg7 7.Bb5+ Bd7 8.Be2 c5
9.Nf3 O-O 10.Rb1 Qa5 11.O-O cxd4 12.cxd4 Qxa2 13.Rxb7 Bc6 14.Rb2 Qa5 15.Qd3 Qd8
16.Bf4 a6 17.Rc1 Bb5 18.Qe3 Bxe2 19.Qxe2 a5 20.Rb7 a4 21.d5 a3 22.Qa2 Bb2
23.Rxb2 axb2 24.Qxb2 Qd7 25.Bh6 f6 26.Bxf8 Kxf8 27.Nd4 Na6 28.Qd2 Nc7 29.h4 e5
30.Rxc7 Ra1+ 31.Kh2 Qg4 32.Qb4+  1-0

[Event "Wch U20"]
[Site "Mamaia"]
[Date "1991.??.??"]
[Round "?"]
[White "Nielsen, Peter Heine"]
[Black "Akopian, Vladimir"]
[Result "0-1"]
[WhiteElo "2445"]
[BlackElo "2590"]

1.d4 Nf6 2.c4 g6 3.Nc3 d5 4.cxd5 Nxd5 5.e4 Nxc3 6.bxc3 Bg7 7.Be3 O-O 8.Qd2 c5
9.Rc1 cxd4 10.cxd4 b6 11.Nf3 Bb7 12.Bd3 e6 13.Bh6 Nc6 14.Bxg7 Kxg7 15.O-O Qf6
16.Bb5 Rfc8 17.Rfd1 Na5 18.Qe3 Rxc1 19.Rxc1 Rc8 20.Rxc8 Bxc8 21.Ne5 Qe7 22.Ng4 h5
23.Qh6+ Kg8 24.Ne5 a6 25.Bd3 Bb7 26.g4 Nc6 27.Nxc6 Bxc6 28.Qc1 Qh4 29.f3 Qf6
30.Qe3 hxg4 31.fxg4 a5 32.g5 Qd8 33.Be2 b5 34.h4 b4 35.Bc4 Qd6 36.Kg2 Bb7
37.Be2 a4 38.Bf3 Bc6 39.Qd3 Qf4 40.d5 exd5 41.exd5 Bd7 42.Qe4 Qxe4 43.Bxe4 Kf8
44.h5 gxh5 45.Kg3 Ke7 46.Kh4 Bg4 47.Bc2 a3  0-1

[Event "Wch U20 Girls"]
[Site "Mamaia"]
[Date "1991.??.??"]
[Round "?"]
[White "Berntsen, Sheila Barth"]
[Black "Peptan, Corina"]
[Result "0-1"]
[WhiteElo "2165"]
[BlackElo "2040"]

1.d4 Nf6 2.c4 g6 3.Nc3 d5 4.cxd5 Nxd5 5.e4 Nxc3 6.bxc3 Bg7 7.Be3 c5 8.Qd2 cxd4
9.cxd4 O-O 10.Rc1 b6 11.Nf3 Bb7 12.Bd3 e6 13.Bh6 Nc6 14.Bxg7 Kxg7 15.O-O Qd6
16.Bb1 Rfd8 17.Rcd1 Rac8 18.Qe3 Na5 19.Ng5 Nc4 20.Qf3 Qe7 21.Qg3 h6 22.Nf3 Qc7
23.e5 Bxf3 24.Qxf3 Qe7 25.Qe4 Nb2 26.Rd2 Na4 27.Qg4 Nc3 28.f4 Rc4 29.f5 exf5
30.Bxf5 Rcxd4 31.Rxd4 Rxd4 32.Qf3 Qc5 33.Kh1 gxf5 34.Qxf5 Qe7 35.Qf2 Rc4
36.Qg3+ Qg5 37.Qd3 Rf4 38.Re1 Qf5 39.Qg3+ Kh7  0-1

[Event "WchT U26"]
[Site "Maringa"]
[Date "1991.??.??"]
[Round "2"]
[White "Epishin, Vladimir"]
[Black "Bianchi, Guillermo"]
[Result "1-0"]
[WhiteElo "2615"]
[BlackElo "2430"]

1.d4 Nf6 2.c4 g6 3.Nc3 d5 4.cxd5 Nxd5 5.e4 Nxc3 6.bxc3 Bg7 7.Be3 c5 8.Qd2 O-O
9.Nf3 cxd4 10.cxd4 Bg4 11.Ng5 Nc6 12.h3 Bd7 13.Nf3 Rc8 14.Rb1 Na5 15.Be2 Be6
16.O-O Bc4 17.Rfd1 b6 18.d5 e6 19.Bg5 Qd7 20.Rbc1 Rfe8 21.Bxc4 Nxc4 22.Qf4 exd5
23.exd5 b5 24.Bf6 Bxf6 25.Qxf6 Rcd8 26.a4 Qd6 27.Qh4 a6 28.axb5 axb5 29.Ng5 Qf6
30.Qxh7+ Kf8 31.Qh4 Kg7 32.Re1 Nd6 33.Rxe8 Rxe8 34.Rc7 b4 35.Qxb4 Qxg5 36.Qxd6 Rd8
37.Qe6 Qf6 38.g3 Rf8 39.Kg2 Qa1 40.Qc6 Rd8 41.d6 Qf6 42.Qd5 Rb8 43.Rc4  1-0

[Event "Meudon op"]
[Site "Meudon"]
[Date "1991.??.??"]
[Round "7"]
[White "Dussol, Pierre"]
[Black "Piankov, Evgenij"]
[Result "1-0"]
[WhiteElo "2220"]
[BlackElo "2315"]

1.d4 g6 2.c4 Nf6 3.Nc3 d5 4.cxd5 Nxd5 5.e4 Nxc3 6.bxc3 Bg7 7.Bc4 c5 8.Ne2 Nc6
9.Be3 O-O 10.O-O Qc7 11.Rc1 e6 12.Qd2 a6 13.Bh6 b5 14.Bxg7 Kxg7 15.Bb3 c4
16.Bc2 Ne7 17.Qg5 f6 18.Qe3 Bd7 19.Rcd1 Rae8 20.Rfe1 Ng8 21.Nf4 Bc8 22.e5 fxe5
23.dxe5 Qf7 24.Rd4 Rd8 25.Red1 Rxd4 26.Rxd4 Ne7 27.g3 Nf5 28.Bxf5 Qxf5 29.Rd6 g5
30.Nh5+ Kg6 31.Nf6 Qb1+ 32.Kg2 Bb7+ 33.f3 Qxa2+ 34.Rd2 Qb1 35.h4 Qf5 36.h5+ Kg7
37.g4 Qf4 38.Qxf4 gxf4 39.Rd7+ Rf7 40.Ne8+ Kg8 41.Rxf7 Bc6 42.Rc7 Kf8 43.Rxc6 Kxe8
44.Rxa6 Ke7 45.Rb6 Kd8 46.g5 Kc7 47.g6 hxg6 48.h6  1-0

[Event "Miedzybrodzie op"]
[Site "Miedzybrodzie"]
[Date "1991.??.??"]
[Round "2"]
[White "Sapis, Witalis"]
[Black "Swic, Waldemar"]
[Result "1-0"]
[WhiteElo "2415"]
[BlackElo "2335"]

1.d4 Nf6 2.c4 g6 3.Nc3 d5 4.cxd5 Nxd5 5.e4 Nxc3 6.bxc3 Bg7 7.Nf3 c5 8.Rb1 O-O
9.Be2 Nc6 10.d5 Ne5 11.Nxe5 Bxe5 12.Qd2 e6 13.f4 Bg7 14.c4 b6 15.Bb2 e5 16.O-O Qd6
17.Qc3 Re8 18.f5 gxf5 19.exf5 Bf6 20.Rbe1 Bd7 21.Bd3 e4 22.Qxf6 Qxf6 23.Bxf6 exd3
24.Rd1 Re3 25.Bg5 Re5 26.Rxd3 Bxf5 27.Rg3 Bg6 28.d6 h6 29.Bxh6 Re6 30.Bf4 Rd8
31.Rd1 Rd7 32.Re3 Rxe3 33.Bxe3 f6 34.Bf4 Bf7 35.Rc1 Be6 36.Kf2 Rh7 37.Re1 Kf7
38.Re3 Rh8 39.Ra3 Ra8 40.Rc3 Rg8 41.h4 Rh8 42.g3 Ke8 43.Ke3 Kd7 44.Ra3 a5
45.Rc3 Bg4 46.Rb3 Kc6 47.Rb2 Re8+ 48.Kd3 a4 49.Rf2 Bf5+ 50.Kc3 Bg4 51.Bh6 Re6
52.Bf8 f5 53.Rd2 Kd7 54.Kd3 f4 55.gxf4 Bf5+ 56.Kc3 Re3+ 57.Kb2 a3+ 58.Kc1 Re1+
59.Rd1 Re2 60.Rd5 Be6 61.Re5 Rxe5 62.fxe5 Bxc4 63.Kb1 Bd3+ 64.Ka1 c4 65.Bh6 Bf5
66.Be3 b5 67.h5 c3 68.Bc5 Ke6 69.h6 Kf7 70.Bxa3 Kg6 71.Bc1 Be6 72.a3 Kf7
73.Bf4 Bf5 74.Ka2 Be6+ 75.Kb1 Bf5+ 76.Kc1 Ke6 77.Kd1 Bd3 78.Ke1 Kd7 79.Kf2 Bh7
80.Kg3  1-0

[Event "POL-chT"]
[Site "Mikolajki"]
[Date "1991.??.??"]
[Round "4"]
[White "Agrest, Evgenij"]
[Black "Sarwinski, Miroslaw"]
[Result "1-0"]
[WhiteElo "2475"]
[BlackElo "2405"]

1.d4 Nf6 2.c4 g6 3.Nc3 d5 4.cxd5 Nxd5 5.e4 Nxc3 6.bxc3 Bg7 7.Nf3 c5 8.Rb1 O-O
9.Be2 Nc6 10.d5 Ne5 11.Nxe5 Bxe5 12.Qd2 Qa5 13.Rb3 a6 14.f4 Bg7 15.c4 Qxd2+
16.Bxd2 Bd4 17.a4 Rb8 18.a5 Bd7 19.Rb6 Rfe8 20.g4 e6 21.e5 exd5 22.cxd5 g5
23.Bc4 gxf4 24.e6 fxe6 25.dxe6 Bc6 26.Rf1 f3 27.Kd1 f2 28.Ke2 Rbd8 29.e7+ Kg7
30.Bg5 Rd7 31.Rxf2 Bxf2 32.Kxf2 Rd4 33.Bxa6 Rxg4 34.h4 h6 35.Bxh6+ Kxh6 36.Bxb7 Rf4+
37.Kg3 Rf3+ 38.Kh2 Rf2+ 39.Kg1  1-0

[Event "POL-chT"]
[Site "Mikolajki"]
[Date "1991.??.??"]
[Round "5"]
[White "Gleizerov, Evgeny"]
[Black "Jasnikowski, Zbigniew"]
[Result "1/2-1/2"]
[WhiteElo "2485"]
[BlackElo "2435"]

1.d4 Nf6 2.c4 g6 3.Nc3 d5 4.cxd5 Nxd5 5.e4 Nxc3 6.bxc3 Bg7 7.Bb5+ Bd7 8.Be2 c5
9.Nf3 Nc6 10.h3 O-O 11.O-O b5 12.Rb1 a6 13.Bg5 Re8 14.d5 Ne5 15.d6 Nxf3+
16.Bxf3 Bf6 17.Bxf6 exf6 18.Qd2 Rc8 19.Rfd1 Kg7 20.Qe3 Re5 21.Rb2 a5 22.Rbd2 b4
23.cxb4  1/2-1/2

[Event "POL-chT"]
[Site "Mikolajki"]
[Date "1991.??.??"]
[Round "8"]
[White "Ivanov, Sergey"]
[Black "Malisauskas, Vidmantas"]
[Result "1/2-1/2"]
[WhiteElo "2440"]
[BlackElo "2505"]

1.d4 Nf6 2.c4 g6 3.Nc3 d5 4.cxd5 Nxd5 5.e4 Nxc3 6.bxc3 Bg7 7.Nf3 c5 8.Rb1 O-O
9.Be2 b6 10.O-O Bb7 11.Qd3 Ba6 12.Qe3 cxd4 13.cxd4 Qd7 14.d5 e6 15.Bb2 Bxb2
16.dxe6 Qxe6 17.Rxb2 Bxe2 18.Rxe2 Nc6 19.Ng5 Qe7 20.f4 Rad8 21.e5 Nd4 22.Ref2 f6
23.Ne4 fxe5 24.fxe5 Rxf2 25.Qxf2 Nc6 26.Qf6 Qxf6 27.exf6 h6 28.Rc1 Ne5 29.Rc7 Rd7
30.Rc8+ Kf7 31.Rh8 Ke6 32.Re8+ Kf5 33.f7 Nxf7 34.Ng3+ Kf6 35.Ne4+ Kg7 36.Kf2 Rd4
37.Ke3 Ra4 38.Nc3 Ra3 39.Kd4 b5 40.Re2 Nd6 41.Nd5 a6 42.Kc5 Nc4 43.Nc7 Ne3
44.Kb6 Nc4+ 45.Kc5 Ne3 46.Kb6 Nc4+  1/2-1/2

[Event "Montpellier"]
[Site "Montpellier"]
[Date "1991.??.??"]
[Round "6"]
[White "Lukacs, Peter"]
[Black "Anic, Darko"]
[Result "1/2-1/2"]
[WhiteElo "2460"]
[BlackElo "2430"]

1.d4 Nf6 2.c4 g6 3.Nc3 d5 4.cxd5 Nxd5 5.e4 Nxc3 6.bxc3 Bg7 7.Bc4 c5 8.Ne2 O-O
9.O-O Nc6 10.Be3 Qc7 11.Rc1 Rd8 12.Bf4 Qd7 13.d5 Na5 14.Bd3 e5 15.Be3 b6
16.f4 exf4 17.Bxf4 Nb7 18.Qd2 Re8 19.Qe3 Nd6 20.Ng3 Qe7 21.Qf3 Be5 22.Rf2 Bd7
23.h3 Rad8 24.Kh1 Qh4 25.Bxe5 Rxe5 26.Rcf1 Qg5 27.Qf4 Qxf4 28.Rxf4 Kg7 29.R1f2 h5
30.c4 Bc8 31.Nf1 f5 32.exf5 Bxf5 33.Bxf5  1/2-1/2

[Event "FRA-ch Acc"]
[Site "Montpellier"]
[Date "1991.??.??"]
[Round "8"]
[White "Chevallier, Didier"]
[Black "Le Godec, Daniel"]
[Result "0-1"]
[WhiteElo "2315"]
[BlackElo "2190"]

1.d4 Nf6 2.c4 g6 3.Nc3 d5 4.cxd5 Nxd5 5.e4 Nxc3 6.bxc3 Bg7 7.Bc4 O-O 8.Ne2 Nc6
9.O-O b6 10.Bg5 Na5 11.Bd3 Qd7 12.Qd2 Bb7 13.Rac1 e6 14.Bh6 c5 15.Bxg7 Kxg7
16.Qf4 Nc6 17.e5 f6 18.Ng3 fxe5 19.Qg4 exd4 20.Rfe1 Rad8 21.f4 dxc3 22.Bxg6 hxg6
23.Rxe6 Qd3 24.Rce1 Bc8 25.f5 Qd4+ 26.Qxd4+ Nxd4 27.Rxg6+ Kf7 28.Nh5 Nxf5
29.Rf6+ Kg8 30.g4 Rxf6 31.Nxf6+ Kf7 32.Ne4 c2  0-1

[Event "Moscow5-B"]
[Site "Moscow"]
[Date "1991.??.??"]
[Round "?"]
[White "Yanvarjov, Igor"]
[Black "Kozlov, Vladimir N"]
[Result "1-0"]
[WhiteElo "2395"]
[BlackElo "2360"]

1.d4 Nf6 2.c4 g6 3.Nc3 d5 4.cxd5 Nxd5 5.e4 Nxc3 6.bxc3 Bg7 7.Bb5+ c6 8.Bc4 O-O
9.Ne2 c5 10.O-O Nc6 11.Be3 Qc7 12.Rc1 Rd8 13.Qd2 Na5 14.Bd3 b6 15.f4 f5 16.exf5 gxf5
17.Ng3 e6 18.Nh5 Bh8 19.Rf3 Bb7 20.Rg3+ Kf8 21.Qe2 Qd6 22.Rd1 cxd4 23.Bxd4 Bxd4+
24.cxd4 Qxd4+ 25.Kh1 Be4 26.Re1 Rac8 27.Ng7 Ke7 28.Bxe4 fxe4 29.f5 Rc4 30.Nxe6 Qd2
31.Qf1 Rdc8 32.Rge3 Rc1 33.Rxe4 Kf6 34.Nf4 Rxe1 35.Rxe1 Rc5 36.Nh5+ Kf7 37.Ng3 Rc2
38.Ne4 Qb4 39.Ng5+ Kf8 40.Nxh7+ Kf7 41.f6 Rc8 42.Re7+ Kg6 43.Qd3+  1-0

[Event "Moscow5-B"]
[Site "Moscow"]
[Date "1991.??.??"]
[Round "?"]
[White "Gavrilov, Alexei"]
[Black "Kozlov, Vladimir N"]
[Result "1/2-1/2"]
[WhiteElo "2325"]
[BlackElo "2360"]

1.d4 Nf6 2.c4 g6 3.Nc3 d5 4.cxd5 Nxd5 5.e4 Nxc3 6.bxc3 Bg7 7.Be3 c5 8.Qd2 O-O
9.Rc1 Qa5 10.Nf3 Bg4 11.d5 Bxf3 12.gxf3 c4 13.h4 h5 14.Bd4 b5 15.Bh3 Na6
16.Bxg7 Kxg7 17.f4 Qb6 18.Rb1 Nc5 19.Qd4+ Kh7 20.Ke2 Nd3 21.Ke3 Rab8 22.Bf1 Qa5
23.Bxd3 cxd3 24.Qxd3 Rfc8 25.Rhc1 Rc5 26.Rc2 Rbc8 27.Rb3 Rc4 28.Kf3 a6 29.Kg2 Ra4
30.Qe2 Rcc4 31.f3 Qc7 32.Qe3 Qd6 33.Rd2 Qf6 34.Kg3 Qg7 35.Rd4 Rxd4 36.cxd4 Rxa2
37.e5 Qf8 38.Rc3 Qd8 39.d6 exd6 40.e6 Qe7 41.d5 Ra4 42.Rc8 Rc4 43.Ra8 fxe6
44.dxe6 Rc7 45.Qd4 Qg7 46.Qb6 b4 47.Qxb4 Qa1 48.Qb6 Qe1+ 49.Qf2 Qxe6 50.Qb2 Qe1+
51.Kg2 Rg7  1/2-1/2

[Event "Moscow2"]
[Site "Moscow"]
[Date "1991.??.??"]
[Round "?"]
[White "Ksieski, Zbigniew"]
[Black "Ivanov, M D."]
[Result "1/2-1/2"]
[WhiteElo "2370"]
[BlackElo "2280"]

1.d4 Nf6 2.c4 g6 3.Nc3 d5 4.cxd5 Nxd5 5.e4 Nxc3 6.bxc3 Bg7 7.Be3 c5 8.Rc1 cxd4
9.cxd4 Qa5+ 10.Qd2 Qxd2+ 11.Bxd2 O-O 12.d5 e6 13.Bb5 Bd7 14.Bxd7 Nxd7 15.dxe6 fxe6
16.Nf3 Rac8 17.Ke2 Nc5 18.Ng5 h6 19.Be3 hxg5 20.Rxc5 Rxc5 21.Bxc5 Rc8 22.Rc1 g4
23.Be3 Rxc1 24.Bxc1 Be5  1/2-1/2

[Event "Moscow3"]
[Site "Moscow"]
[Date "1991.??.??"]
[Round "?"]
[White "Foygel, Igor"]
[Black "Tseshkovsky, Vitaly"]
[Result "1-0"]
[WhiteElo "2405"]
[BlackElo "2490"]

1.d4 Nf6 2.c4 g6 3.Nc3 d5 4.cxd5 Nxd5 5.e4 Nxc3 6.bxc3 Bg7 7.Be3 c5 8.Qd2 Qa5
9.Rc1 cxd4 10.cxd4 Qxd2+ 11.Bxd2 O-O 12.Nf3 Bg4 13.d5 Rc8 14.Rxc8+ Bxc8 15.Bb4 e6
16.Bc4 exd5 17.exd5 Nd7 18.O-O a5 19.Bd2 Nb6 20.Rc1 Bf5 21.Bf1 Nxd5 22.Rc5 Nb4
23.Rc7 Rc8 24.Rxb7 Be4 25.Re7 Bxf3 26.gxf3 h5 27.a4 Rc2 28.Rd7 Nc6 29.Be3 Ne5
30.Rd8+ Kh7 31.Kg2 Bf6 32.Ra8 Nc6 33.Rc8 Nb4 34.Rxc2 Nxc2 35.Bb6 Ne1+ 36.Kg3 h4+
37.Kg4 Bc3 38.f4 f5+ 39.Kxh4 Nc2 40.Bd3 Nb4 41.Bc4 Nc6 42.Bd5 Ne7 43.Bc4 Nc6
44.Kg3 Nd4 45.Bd5 Kg7 46.Bc5 Kf6 47.Bd6 Nc2 48.Kf3 Nb4 49.Bc4 Nc6 50.Ke2 Bd4
51.Bc7 Bc5 52.Bd5 Nd4+ 53.Kf1 Ne6 54.Bxe6 Kxe6 55.Bxa5 Kd5 56.Ke2 Kc4 57.Bd2 Ba7
58.h3 Bd4 59.f3 Ba7 60.a5 Kb5 61.Kd3 Bc5 62.Be3 Bb4 63.a6 Kxa6 64.Kc4 Be1
65.Kd5 Kb5 66.Bd4 Bh4 67.Be5 Kb4 68.Ke6 Kc4 69.Kf7 Kd3 70.Kxg6 Ke3 71.Bf6  1-0

[Event "Moscow3"]
[Site "Moscow"]
[Date "1991.??.??"]
[Round "?"]
[White "Iashvili, Akaki"]
[Black "Jasnikowski, Zbigniew"]
[Result "1/2-1/2"]
[WhiteElo "2390"]
[BlackElo "2435"]

1.d4 Nf6 2.c4 g6 3.Nc3 d5 4.cxd5 Nxd5 5.e4 Nxc3 6.bxc3 Bg7 7.Nf3 c5 8.Rb1 O-O
9.Be2 cxd4 10.cxd4 Qa5+ 11.Qd2 Qxd2+ 12.Bxd2 e6 13.O-O b6 14.Rbc1 Bb7 15.Bb4 Rd8
16.Bb5 Bh6 17.Rc7 Na6 18.Rxb7 Nxb4 19.a4 a6 20.Be2 Rab8 21.Rxb8 Rxb8 22.Rb1  1/2-1/2

[Event "Moscow3"]
[Site "Moscow"]
[Date "1991.??.??"]
[Round "?"]
[White "Naumkin, Igor"]
[Black "Jasnikowski, Zbigniew"]
[Result "0-1"]
[WhiteElo "2505"]
[BlackElo "2435"]

1.d4 Nf6 2.c4 g6 3.Nc3 d5 4.cxd5 Nxd5 5.e4 Nxc3 6.bxc3 Bg7 7.Bc4 c5 8.Ne2 Nc6
9.Be3 O-O 10.O-O Bg4 11.f3 Na5 12.Bxf7+ Rxf7 13.fxg4 Rxf1+ 14.Kxf1 Qd6 15.e5 Qd5
16.Bf2 Rd8 17.Qe1 Nc4 18.g5 b5 19.Kg1 b4 20.Nf4 Qf7 21.Nd3 Na3 22.Rc1 Qxa2
23.Nxc5 b3 24.Ra1 Nc2 25.Nxb3 Nxa1  0-1

[Event "Nettetal"]
[Site "Nettetal"]
[Date "1991.??.??"]
[Round "1"]
[White "Steffens, Georg"]
[Black "Leko, Peter"]
[Result "1/2-1/2"]
[WhiteElo "2285"]
[BlackElo "2255"]

1.d4 Nf6 2.c4 g6 3.Nc3 d5 4.cxd5 Nxd5 5.e4 Nxc3 6.bxc3 Bg7 7.Nf3 c5 8.Rb1 O-O
9.Qd2 cxd4 10.cxd4 b6 11.Bb5 Bb7 12.Qe3 Nc6 13.Bb2 e6 14.Bxc6 Bxc6 15.d5 Bxb2
16.dxc6 Bg7 17.O-O Qc7 18.Rfc1 Rfd8 19.Rc2 Bf8 20.h4 Bc5 21.Qh6 Bf8 22.Qe3 Bc5
23.Qh6 Bf8 24.Qe3  1/2-1/2

[Event "New York op"]
[Site "New York"]
[Date "1991.??.??"]
[Round "?"]
[White "Kraai, Jesse"]
[Black "Pettersson, Lars Erik"]
[Result "1-0"]
[WhiteElo "2290"]
[BlackElo "2325"]

1.d4 Nf6 2.c4 g6 3.Nc3 d5 4.cxd5 Nxd5 5.e4 Nxc3 6.bxc3 Bg7 7.Bc4 c5 8.Ne2 Nc6
9.Be3 cxd4 10.cxd4 Qa5+ 11.Qd2 Qxd2+ 12.Kxd2 e6 13.Rac1 O-O 14.Rhd1 Rd8 15.Ke1 a6
16.d5 exd5 17.Bxd5 Bd7 18.Bb6 Rf8 19.Nd4 Nxd4 20.Bxd4 Bxd4 21.Rxd4 Rac8 22.Rxc8 Bxc8
23.a4 b5 24.axb5 axb5 25.Bc6 Be6 26.Bxb5 Rb8 27.Be2 Kf8 28.f4 Rb3 29.Kf2 Ke7
30.Bf3 h5 31.Kg3 Bg4 32.Rd5 Bxf3 33.gxf3 Rb1 34.f5 g5 35.h4 gxh4+ 36.Kxh4 Rh1+
37.Kg5 f6+ 38.Kf4 Rg1 39.Rd2 Rg8 40.Rb2 Rh8 41.Ra2 Rh6 42.Ra6 Rh8 43.Rb6 Rh6
44.Kg3 Rh8 45.Kh4 Rh6 46.e5 Kf7 47.Rb7+ Kf8 48.e6 Ke8 49.Rb8+ Ke7 50.Rg8 Rh7
51.Ra8 Rh6 52.f4 Kd6 53.Ra7 Rh8 54.Rd7+ Kc6 55.Rf7 Rh6 56.Rg7  1-0

[Event "New York op"]
[Site "New York"]
[Date "1991.??.??"]
[Round "5"]
[White "Gruenberg, Hans Ulrich"]
[Black "Lein, Anatoly"]
[Result "1-0"]
[WhiteElo "2485"]
[BlackElo "2495"]

1.d4 Nf6 2.c4 g6 3.Nc3 d5 4.cxd5 Nxd5 5.e4 Nxc3 6.bxc3 Bg7 7.Bc4 O-O 8.Ne2 Nc6
9.O-O b6 10.Bg5 Qd7 11.Qd2 Na5 12.Bd3 Re8 13.Bh6 Bh8 14.Rab1 e5 15.d5 c6
16.f4 Bb7 17.c4 Ba6 18.Rbc1 Nb7 19.f5 Nc5 20.Bb1 cxd5 21.exd5 e4 22.Be3 Nd3
23.Bxd3 exd3 24.Qxd3 Qe7 25.Rf3 Rac8 26.Nd4 Qe4 27.Qxe4 Rxe4 28.Nc6 Rce8
29.Bf2 Bxc4 30.d6 Be2 31.d7  1-0

[Event "Niedersachsen-NRW"]
[Site "Niedersachsen"]
[Date "1991.??.??"]
[Round "?"]
[White "Lingnau, Carsten"]
[Black "Hoffmann, Michael"]
[Result "1/2-1/2"]
[WhiteElo "2225"]
[BlackElo "2370"]

1.d4 Nf6 2.c4 g6 3.Nc3 d5 4.cxd5 Nxd5 5.e4 Nxc3 6.bxc3 Bg7 7.Be3 c5 8.Qd2 Qa5
9.Rb1 cxd4 10.cxd4 Qxd2+ 11.Kxd2 O-O 12.Nf3 Rd8 13.Bd3 Nc6 14.d5 Na5 15.Ke2 b6
16.Bg5 f5 17.Bxe7 fxe4 18.Bxe4 Ba6+ 19.Kd1 Rd7 20.d6 Bb7 21.Ng5  1/2-1/2

[Event "NLD-ch"]
[Site "NLD"]
[Date "1991.??.??"]
[Round "1"]
[White "Hoeksema, Hendrik Pieter"]
[Black "De Boer, Gert Jan"]
[Result "1/2-1/2"]
[WhiteElo "2380"]
[BlackElo "2430"]

1.d4 Nf6 2.c4 g6 3.Nc3 d5 4.cxd5 Nxd5 5.e4 Nxc3 6.bxc3 Bg7 7.Be3 c5 8.Qd2 Qa5
9.Rc1 cxd4 10.cxd4 Qxd2+ 11.Kxd2 O-O 12.Nf3 Nc6 13.Bb5 f5 14.exf5 Bxf5 15.Ke2 Be6
16.Bxc6 bxc6 17.Rxc6 Bxa2 18.Ra1 Bd5 19.Rc7 Bxf3+  1/2-1/2

[Event "NLD-ch"]
[Site "NLD"]
[Date "1991.??.??"]
[Round "1"]
[White "Pieterse, Gert"]
[Black "Van Mil, Johannes A J"]
[Result "0-1"]
[WhiteElo "2405"]
[BlackElo "2415"]

1.d4 Nf6 2.c4 g6 3.Nc3 d5 4.cxd5 Nxd5 5.e4 Nxc3 6.bxc3 Bg7 7.Be3 c5 8.Qd2 O-O
9.Nf3 Bg4 10.Ng5 cxd4 11.cxd4 Nc6 12.h3 Bd7 13.Rc1 Rc8 14.e5 Qa5 15.Bc4 e6
16.Ne4 Qxd2+ 17.Kxd2 Na5 18.Bd3 Rxc1 19.Rxc1 Bc6 20.g4 Rd8 21.f4 Bd5 22.Rc7 Bxa2
23.Nd6 f6 24.exf6 Bxf6 25.Nf7 Rf8 26.Nh6+ Kh8 27.g5 Bg7 28.d5 Bxd5 29.Rxg7 Nb3+
30.Kc3 Rc8+ 31.Kb2 Kxg7 32.Ng4 b6 33.Bc2 Na5 34.Bd4+ Kf7 35.Nf6 Nc4+ 36.Ka1 Nd6
37.Bb1 Rc4 38.Be5 Ra4+ 39.Kb2 Nc4+ 40.Kc3 Nxe5 41.fxe5 Ra1 42.Bc2 Rh1 43.Nxh7 Rxh3+  0-1

[Event "NLD-ch"]
[Site "NLD"]
[Date "1991.??.??"]
[Round "4"]
[White "Brenninkmeijer, Joris"]
[Black "De Boer, Gert Jan"]
[Result "1/2-1/2"]
[WhiteElo "2525"]
[BlackElo "2430"]

1.d4 Nf6 2.c4 g6 3.Nc3 d5 4.cxd5 Nxd5 5.e4 Nxc3 6.bxc3 Bg7 7.Nf3 c5 8.Rb1 O-O
9.Be2 b6 10.O-O Bb7 11.Qd3 Ba6 12.Qe3 cxd4 13.cxd4 Qd7 14.Ba3 Re8 15.Rfc1 Bxe2
16.Qxe2 e6 17.Rb4 Qb7 18.Rbc4 Na6 19.Bd6 Rac8 20.h4 Red8 21.Bg3 Rxc4 22.Qxc4 b5
23.Qd3 Nb4 24.Qb3 Na6 25.a4 b4 26.Qc4 Bh6 27.Rc2 Qxe4 28.Re2 Qb7 29.Ne5 Rc8
30.Qb5 Rc1+ 31.Kh2 Qxb5 32.axb5 Nc7 33.Rb2 Bf8 34.Nd3 Rc3 35.Bxc7 Rxd3 36.b6 axb6
37.Bxb6 b3 38.Bc5 Bh6 39.Rb1 Bd2 40.Kg1 Rc3 41.Ba3 Bh6 42.Bb2 Rc7 43.Ba3 Rb7
44.Kf1 Bg7 45.Bb2 Kf8 46.Ke2 Ke7 47.Kd3 Kd6 48.Ra1 h5 49.Ra6+ Kd7 50.Kc4 Bf8
51.Ra1 Be7 52.g3 Bd6 53.Ra4 Ke7 54.Ra1 Kf6 55.Ra6 Ke7 56.Ra1 Bb4 57.Rf1 Ba5
58.Ra1 Bc7 59.Re1 Kd7 60.Re3 Kc6 61.Re1 Ba5 62.Ra1 Rb5 63.Rc1 Bb6 64.f3 Ba5
65.Kd3+ Kd5 66.Rc8 Be1 67.Rc7 Bxg3 68.Rxf7 Bxh4 69.Rg7 Bg3 70.Rxg6 h4 71.Rh6 Rb8
72.Rh5+ Kd6 73.Kc4 Ke7 74.f4 Kf7 75.d5 exd5+ 76.Rxd5 h3 77.Rf5+ Ke6 78.Re5+ Kd7
79.Rd5+ Kc6 80.Rc5+ Kd7  1/2-1/2